000 00578nam a2200181Ia 4500
008 151018s9999 xx 000 0 und d
082 _bRBASDV24176
_a891.463
100 _aनिशिकांत शोत्री
245 _aउपासना
250 _b1
260 _bराजेंद्र प्रकाशन ठाणे
_c1982
300 _a163
600 _aनिशिकांत शोत्री
630 _aउपासना
700 _aनिशिकांत शोत्री
730 _aउपासना
942 _cBOOK
999 _c1023822
_d1023819